Normal view
MARC view
Entry Personal Name
001 - CONTROL NUMBER
- control field: 15467
003 - CONTROL NUMBER IDENTIFIER
- control field: OSt
005 - DATE AND TIME OF LATEST TRANSACTION
- control field: 20211201121533.0
008 - FIXED-LENGTH DATA ELEMENTS
- fixed length control field: 211201|| aca||aabn | a|a d
040 ## - CATALOGING SOURCE
- Original cataloging agency: OSt
- Transcribing agency: OSt
100 ## - HEADING--PERSONAL NAME
- Personal name: Whittington, O.Ray; Pany, Kurt
670 ## - SOURCE DATA FOUND
- Source citation: Work cat.: (OSt): Whittington, O.Ray; Pany, Kurt, Principles of Auditing and Assurance Services., 2016
